Представление документа в формате MARC21

Поле Инд. ПП Название Значение
Тип записи a
Библиографический уровень m
001 _ Контрольный номер RU\infra-m\znanium\bibl\1093172
005 _ Дата корректировки 20250915104121.9
008 Кодируемые данные 200324s2020 RU g rus u
020 a ISBN 978-5-394-03531-9
040 a Служба первич. каталог. Общество с ограниченной ответственностью «ЗНАНИУМ»
041 a Код языка текста rus
044 a Код страны публикации RU
080 a Индекс УДК 316
084 2 Источник индекса rubbk
a Индекс другой классификации/Индекс ББК 605
084 2 Источник индекса okso
a Индекс другой классификации/Индекс ББК 39.04.01
100 1_ a Автор Волков Юрий Евгеньевич
q Полное имя Юрий Евгеньевич
245 a Заглавие Социология
b Продолж. заглавия Учебное пособие
250 a Основные сведения об издании 2
260 a Место издания Москва
b Издательство Издательско-торговая корпорация "Дашков и К"
c Дата издания 2020
300 a Объем 396 с.
520 a Аннотация В учебнике написанном в соответствии с Федеральным государственным образовательным стандартом высшего образования по направлению "Социология" (квалификация—магистр социологии) рассматриваются роль социологии в обеспечении познания общественных явлений и научной ориентации практической деятельности социальная реальность с позиций социологических подходов относящихся к явлениям политической жизни и управленческой деятельности на основе концептуальных положений. Для магистрантов (магистерские программы "Методология современного социального познания" "Социология управления" "Социология политики и международных отношений") аспирантов соискателей (подготовки к экзамену кандидатского минимума) а также преподавателей высших учебных заведений.
521 a Примеч. о целев. назн. ВО - Магистратура
650 a Основная рубрика Политика. Социология
x Основная подрубрика Основы социологии
852 x Примечание, не предназначенное для пользователя znanium2023
856 4_ a Имя сервера/домена znanium.com
m Помощь ebs_support@infra-m.ru
n Местонахождение сервера НИЦ ИНФРА-М
u URL https://znanium.com/catalog/document?id=358441
z Примечание для пользователя Участвует в КО
856 41 a Имя сервера/домена znanium.com
d Путь /cover/1093
f Электронное имя 1093172.jpg
q Тип электронного формата image/jpeg
u URL https://znanium.com/cover/1093/1093172.jpg